000 01252nam a2200265Ia 4500
999 _c54841
_d54841
001 21910
003 GE_BSU
005 20251226140055.0
008 181216s1966||||ge |||||||||||||| ||geo||
040 _cGE_BSU
041 _aGEO
080 _a811.353.1(049.32) : 372.8 ლ-85
100 _aლორთქიფანიძე, პ.
_97680
245 _aქართული ენის გრამატიკის ალბომი :
_bთვალსაჩინო მასალა V-VIII კლასებისათვის /
_cპ. ლორთქიფანიძე, ე. გელაშვილი, ს. დვალი; რედ. ე. კახიძე.
264 _aთბილისი :
_bგანათლება,
_c1966.
300 _a117 გვ. ;
_c20 სმ.
541 _h0.76თ
653 _aპედაგოგიკა
653 _aქართული ენა
653 _aქართული ენის გრამატიკის ალბომი
700 _a გელაშვილი, ე.
_eავტორი
_914507
700 _aდვალი,ს.
_eავტორი
_914508
700 _aკახიძე, ე.
_eრედაქტორი
_91464
942 _cBK
_2udc